000 00353nam a2200145 a 4500
001 0421
005 20140414131927.0
008 040106s19uu xx 00 eng d
050 _aER
_bSa5 1997
245 _aSanta's peppermint rescue.
260 _aU.S.A :
_bLandoll,
_c1997.
300 _ap. ; cm.
650 _aChristmas
_xFiction.
999 _c112094
_d112094